| 000 | 00482cam a2200205ua 4500 | ||
|---|---|---|---|
| 001 | 245 | ||
| 008 | 110325n ii |||gr||||Z||||||eng | ||
| 020 | _a81-7649-273-6 | ||
| 040 | _cMAIN | ||
| 082 | _a305.42 | ||
| 245 | 1 |
_aFeminism _cby Jane Freedman |
|
| 250 | _a1st. | ||
| 260 |
_aNew Delhi: _bViva books pvt. ltd., _c2002. |
||
| 300 | _a106p.:0cm. | ||
| 653 | _aSociology | ||
| 653 | _aSocial groups | ||
| 653 | _aFeminism | ||
| 700 | 1 |
_aFreedman, Jane., _eAuthor. |
|
| 942 | _cBK | ||
| 999 |
_c209 _d209 |
||